| 000 | 00538nam a22001697a 4500 | ||
|---|---|---|---|
| 020 | _qHard Cover. | ||
| 082 | _a302.2 | ||
| 100 | _aMukhtar, Maheen | ||
| 245 |
_aDocumentary: _bUnraveling Kargil / _cMaheen Mukhtar. |
||
| 260 |
_aIslamabad: _bS3H - NUST, _c2016. |
||
| 300 |
_a102 p. : _bill. ; _c30cm. |
||
| 650 |
_aMass Communication MS-Thesis. _928449 |
||
| 700 |
_aMuhammad Umar. _915842 |
||
| 856 | _uhttp://10.250.8.41:8080/xmlui/handle/123456789/30313 | ||
| 942 |
_2ddc _cTHE |
||
| 999 |
_c534306 _d534306 |
||